Every Wrestler to Compete at WWE SummerSlam - Statistics

General Stats
  • This quiz has been taken 43 times
  • The average score is 129 of 341
Answer Stats
First Appearance Match Type Championship / Notes Wrestler % Correct
SummerSlam 1988 Tag Team Match (w/ Miss Elizabeth) Hulk Hogan
85%
SummerSlam 2014 Singles Match Roman Reigns
85%
SummerSlam 2004 Singles Match WWE United States Championship John Cena
83%
SummerSlam 1994 Singles Match (w/ Ted DiBiase) Fake Undertaker
80%
SummerSlam 1995 Singles Match Hunter Hearst Helmsley
80%
SummerSlam 1989 6-Man Tag Team Match Shawn Michaels
80%
SummerSlam 1992 Singles Match (w/ Paul Bearer) The Undertaker
80%
SummerSlam 2003 Elimination Chamber Match World Heavyweight Championship Randy Orton
78%
SummerSlam 1998 Ladder Match WWF Intercontinental Championship (w/ Mark Henry) The Rock
78%
SummerSlam 2015 Three Tag Team Elimination Match Teaming with Paige Becky Lynch
76%
SummerSlam 2009 15-Diva Battle Royal **DARK MATCH** Brie Bella
76%
SummerSlam 1995 Singles Match Isaac Yankem, DDS
76%
SummerSlam 2009 15-Diva Battle Royal **DARK MATCH** Nikki Bella
76%
SummerSlam 2002 Singles Match Ric Flair
76%
SummerSlam 2014 Lumberjack Match Seth Rollins
76%
SummerSlam 2011 6-Man Tag Team Match Teaming with R-Truth (w/ Ricardo Rodriguez) The Miz
76%
SummerSlam 1999 Tag Team Match WWF Tag Team Championship - Teaming with The Undertaker (w/ Paul Bearer) Big Show
73%
SummerSlam 1988 Tag Team Match WWF Tag Team Championship Bret Hart
73%
SummerSlam 2002 Singles Match WWE Undisputed Championship (w/ Paul Heyman) Brock Lesnar
73%
SummerSlam 2020 Street Fight (w/ Rey Mysterio) Dominik Mysterio
73%
SummerSlam 1998 Mixed Tag Team Match (w/ Sable) Edge
73%
SummerSlam 1999 Tag Team Turmoil Match (w/ Gangrel) Jeff Hardy
73%
SummerSlam 1988 Tag Team Match (w/ Virgil & Bobby "The Brain" Heenan) Andre The Giant
71%
SummerSlam 2021 Singles Match WWE Championship (w/ MVP) Bobby Lashley
71%
SummerSlam 2000 2-out-of-3 Falls Chris Benoit
71%
SummerSlam 1999 Tag Team Turmoil Match (w/ Gangrel) Matt Hardy
71%
SummerSlam 1993 Singles Match **DARK MATCH** Owen Hart
71%
SummerSlam 2002 Singles Match Rey Mysterio
71%
SummerSlam 1999 Greenwich Street Fight Shane McMahon
71%
SummerSlam 2019 Singles Match WWE SmackDown Women's Championship Bayley
68%
SummerSlam 2013 Mixed Tag Team Match Big E Langston
68%
SummerSlam 2013 Ring of Fire Match (w/ Luke Harper & Erick Rowan) Bray Wyatt
68%
SummerSlam 1994 Singles Match WWF Intercontinental Championship (w/ Shawn Michaels) Diesel
68%
SummerSlam 2006 Tag Team Match Teaming with Shane McMahon Mr. McMahon
68%
SummerSlam 2014 Singles Match Stephanie McMahon
68%
SummerSlam 2016 Tag Team Match WWE Tag Team Championship - Teaming with Kofi Kingston (w/ Jon Stewart) Xavier Woods
68%
SummerSlam 2016 6-Woman Tag Team Match Teaming with Nikki Bella & Natalya Alexa Bliss
66%
SummerSlam 2021 Singles Match WWE SmackDown Women's Championship Bianca Belair
66%
SummerSlam 2000 2-out-of-3 Falls Chris Jericho
66%
SummerSlam 1999 Tag Team Turmoil Match Teaming with Edge Christian
66%
SummerSlam 2013 Singles Match **PRE-SHOW MATCH** WWE United States Championship (w/ Seth Rollins & Roman Reigns) Dean Ambrose
66%
SummerSlam 2020 Singles Match WWE Championship Drew McIntyre
66%
SummerSlam 2000 Intergender Tag Team Match WWF Intercontinental Championship Eddie Guerrero
66%
SummerSlam 2015 Tag Team Match Teaming with Bray Wyatt Luke Harper
66%
SummerSlam 2015 Three Tag Team Elimination Match Sasha Banks
66%
SummerSlam 2016 Singles Match AJ Styles
63%
SummerSlam 2017 Fatal-4-Way Match WWE Universal Championship Braun Strowman
63%
SummerSlam 2006 Singles Match Chavo Guerrero
63%
SummerSlam 2007 Singles Match ECW Championship CM Punk
63%
SummerSlam 2003 Elimination Chamber Match World Heavyweight Championship Goldberg
63%
SummerSlam 1991 Tag Team Match WWF Tag Team Championship Hawk
63%
SummerSlam 2016 12-Man Tag Team Match **PRE-SHOW MATCH** (w/ Zack Ryder) Jey Uso
63%
SummerSlam 2016 12-Man Tag Team Match **PRE-SHOW MATCH** (w/ Zack Ryder) Jimmy Uso
63%
SummerSlam 2000 Triple Threat Match WWF Championship Kurt Angle
63%
SummerSlam 1988 Tag Team Match (w/ Virgil & Bobby "The Brain" Heenan) Ted DiBiase
63%
SummerSlam 2009 Tag Team Match Ted DiBiase Jr.
63%
SummerSlam 2021 Singles Match (w/ Duodrop) Eva Marie
61%
SummerSlam 2015 Tag Team Match Neville
61%
SummerSlam 2018 Tag Team Match WWE SmackDown Tag Team Championship (w/ Harper) Rowan
61%
SummerSlam 1996 Singles Match **FREE MATCH** "Stone Cold" Steve Austin
61%
SummerSlam 1991 Tag Team Match WWF Tag Team Championship Animal
59%
SummerSlam 2007 Singles Match ECW Championship John Morrison
59%
SummerSlam 2008 Tag Team Match WWE Women's Championship & WWE Intercontinental Championship - Teaming with Mickie James Kofi Kingston
59%
SummerSlam 2010 Singles Match WWE Championship Sheamus
59%
SummerSlam 1988 Singles Match WWF Intercontinental Championship The Ultimate Warrior
59%
SummerSlam 1989 Tag Team Match (w/ Bobby "The Brain" Heenan) Arn Anderson
56%
SummerSlam 1988 Tag Team Match WWF Tag Team Championship (w/ Mr. Fuji & Jimmy Hart) Ax
56%
SummerSlam 2004 Triple Threat Match WWE Intercontinental Championship Batista
56%
SummerSlam 1993 6-Man Tag Team Match Teaming with Tatanka Billy Gunn
56%
SummerSlam 2009 Tag Team Match Cody Rhodes
56%
SummerSlam 2016 Tag Team Match WWE Tag Team Championship - Teaming with Luke Gallows Karl Anderson
56%
SummerSlam 2015 Singles Match Kevin Owens
56%
SummerSlam 2009 15-Diva Battle Royal **DARK MATCH** Natalya
56%
SummerSlam 2014 Singles Match WWE Divas Championship Paige
56%
SummerSlam 2021 Tag Team Match WWE Raw Tag Team Championship - Teaming with Randy Orton Riddle
56%
SummerSlam 2001 6-Man Tag Team Match Teaming with The APA Spike Dudley
56%
SummerSlam 2012 Singles Match **PRE-SHOW MATCH** WWE United States Championship (w/ Aksana) Antonio Cesaro
54%
SummerSlam 2001 Singles Match WCW Championship (w/ Shane McMahon) Booker T
54%
SummerSlam 2010 7-on-7 Elimination Tag Team Match Daniel Bryan
54%
SummerSlam 2010 7-on-7 Elimination Tag Team Match Darren Young
54%
SummerSlam 1993 6-Man Tag Team Match (w/ Afa & Luna Vachon) Fatu
54%
SummerSlam 2016 Singles Match WWE Universal Championship Finn Balor
54%
SummerSlam 2017 Singles Match WWE Championship (w/ The Singh Brothers) Jinder Mahal
54%
SummerSlam 2010 Handicap Match Teaming with CM PUNK (w/ Serena) Luke Gallows
54%
SummerSlam 2008 Singles Match ECW Championship (w/ Tony Atlas) Mark Henry
54%
SummerSlam 2001 Ladder Match WWF Hardcore Championship Rob Van Dam
54%
SummerSlam 2010 7-on-7 Elimination Tag Team Match R-Truth
54%
SummerSlam 2014 Flag Match (w/ Lana) Rusev
54%
SummerSlam 2016 Tag Team Match **PRE-SHOW MATCH** (w/ Neville) Sami Zayn
54%
SummerSlam 1988 Tag Team Match WWF Tag Team Championship (w/ Mr. Fuji & Jimmy Hart) Smash
54%
SummerSlam 2000 Intergender Tag Team Match WWF Intercontinental Championship - Teaming with Val Venis Trish Stratus
54%
SummerSlam 2010 7-on-7 Elimination Tag Team Match Wade Barrett
54%
SummerSlam 2010 Singles Match **DARK MATCH** Zack Ryder
54%
SummerSlam 1988 Singles Match Big Boss Man
51%
SummerSlam 1998 Tag Team Match **Sunday Night Heat Match** Teaming with Vader Bradshaw
51%
SummerSlam 2000 Intergender Tag Team Match WWF Intercontinental Championship Chyna
51%
SummerSlam 2019 Tag Team Match **PRE-SHOW MATCH** WWE Women's Tag Team Championship (w/ Alexa Bliss) Nikki Cross
51%
SummerSlam 1992 Singles Match **DARK MATCH** Papa Shango
51%
SummerSlam 2021 Triple Threat Match WWE Raw Women's Championship Rhea Ripley
51%
SummerSlam 2018 Singles Match WWE Raw Women's Championship Ronda Rousey
51%
SummerSlam 2009 15-Diva Battle Royal **DARK MATCH** Eve Torres
49%
SummerSlam 1999 Tag Team Turmoil Match Teaming with Bradshaw Faarooq
49%
SummerSlam 1996 Singles Match (w/ Marlena) Goldust
49%
SummerSlam 1993 Singles Match Jerry "The King" Lawler
49%
SummerSlam 1988 Tag Team Match WWF Tag Team Championship Jim Neidhart
49%
SummerSlam 2001 6-Woman Tag Team Match **Sunday Night Heat Match** Teaming with Jacqueline Lita
49%
SummerSlam 1988 Tag Team Match (w/ Miss Elizabeth) "Macho Man" Randy Savage
49%
SummerSlam 1996 Boiler Room Brawl Mankind
49%
SummerSlam 2015 Three Tag Team Elimination Match Naomi
49%
SummerSlam 2010 7-on-7 Elimination Tag Team Match Skip Sheffield
49%
SummerSlam 1993 Singles Match 1-2-3 Kid
46%
SummerSlam 2013 Mixed Tag Team Match AJ Lee
46%
SummerSlam 2011 6-Man Tag Team Match Teaming with R-Truth (w/ Ricardo Rodriguez) Alberto Del Rio
46%
SummerSlam 2020 Singles Match WWE SmackDown Women's Championship Asuka
46%
SummerSlam 2021 Singles Match WWE United States Championship Damien Priest
46%
SummerSlam 1994 Singles Match (w/ Oscar) Mabel
46%
SummerSlam 2020 No DQ Loser Leaves WWE Match Mandy Rose
46%
SummerSlam 2007 Battle Royal Mickie James
46%
SummerSlam 1999 Greenwich Street Fight Test
46%
SummerSlam 2018 Mixed Tag Team Match **PRE-SHOW MATCH** Andrade "Cien" Almas
44%
SummerSlam 1993 6-Man Tag Team Match Teaming with Tatanka Bart Gunn
44%
SummerSlam 1995 Singles Match Bob Holly
44%
SummerSlam 1988 Tag Team Match Davey Boy Smith
44%
SummerSlam 2010 7-on-7 Elimination Tag Team Match Heath Slater
44%
SummerSlam 2008 Singles Match MVP
44%
SummerSlam 1998 Falls Count Anywhere Handicap Match WWF Tag Team Championship - Teaming with Billy Gunn Road Dogg
44%
SummerSlam 1991 2-on-3 Handicap Match Sgt. Slaughter
44%
SummerSlam 2017 Singles Match WWE Championship Shinsuke Nakamura
44%
SummerSlam 2007 Triple Threat Match WWE Intercontinental Championship Umaga
44%
SummerSlam 2007 Battle Royal Beth Phoenix
41%
SummerSlam 2016 6-Woman Tag Team Match Teaming with Naomi & Becky Lynch Carmella
41%
SummerSlam 1990 2-out-of-3 Falls Tag Team Match Teaming with Smash Crush
41%
SummerSlam 2021 Tag Team Match WWE Raw Tag Team Championship - Teaming with AJ Styles Omos
41%
SummerSlam 2008 Tag Team Match WWE Women's Championship & WWE Intercontinental Championship - Teaming with Beth Phoenix Santino Marella
41%
SummerSlam 2015 Three Tag Team Elimination Match Tamina
41%
SummerSlam 2007 Singles Match World Heavyweight Championship(w/ Ranjin Singh) The Great Khali
41%
SummerSlam 1993 Singles Match WWF Championship (w/ Jim Cornette & Mr. Fuji) Yokozuna
41%
SummerSlam 1999 Tag Team Turmoil Match Teaming with Hardcore Holly Crash Holly
39%
SummerSlam 2010 7-on-7 Elimination Tag Team Match David Otunga
39%
SummerSlam 1990 Singles Match (w/ Jimmy Hart & Dino Bravo) Earthquake
39%
SummerSlam 2016 Tag Team Match Enzo Amore
39%
SummerSlam 1993 Tag Team Match WWF Tag Team Championship (w/ Jim Cornette) Jimmy Del Ray
39%
SummerSlam 2010 7-on-7 Elimination Tag Team Match Justin Gabriel
39%
SummerSlam 2001 6-Woman Tag Team Match **Sunday Night Heat Match** Teaming with Jacqueline Molly Holly
39%
SummerSlam 1988 Singles Match WWF Intercontinental Championship (w/ Jimmy Hart) The Honky Tonk Man
39%
SummerSlam 2009 Singles Match ECW Championship (w/ Ezekiel Jackson & Vladimir Kozlov) William Regal
39%
SummerSlam 2018 Mixed Tag Team Match **PRE-SHOW MATCH** Zelina Vega
39%
SummerSlam 2017 Singles Match Baron Corbin
37%
SummerSlam 2018 Singles Match **PRE-SHOW MATCH** WWE Cruiserweight Championship Cedric Alexander
37%
SummerSlam 2017 6-Man Tag Team Match **PRE-SHOW MATCH** Teaming with The Miz (w/ Maryse) Curtis Axel
37%
SummerSlam 2009 Singles Match WWE Intercontinental Championship Dolph Ziggler
37%
SummerSlam 1998 Mixed Tag Team Match (w/ Marc Mero) Jacqueline
37%
SummerSlam 2007 Battle Royal Melina
37%
SummerSlam 2010 7-on-7 Elimination Tag Team Match Michael Tarver
37%
SummerSlam 2004 6-Man Tag Team Match Teaming with Rey Mysterio Paul London
37%
SummerSlam 2001 Singles Match (w/ Stephanie McMahon-Helmsley) Rhyno
37%
SummerSlam 1993 Tag Team Match WWF Tag Team Championship Rick Steiner
37%
SummerSlam 1993 Tag Team Match WWF Tag Team Championship Scott Steiner
37%
SummerSlam 1999 Lion's Den Weapons Match Steve Blackman
37%
SummerSlam 1991 Tag Team Match Teaming with Earthquake (w/ Jimmy Hart) Typhoon
37%
SummerSlam 1998 Singles Match WWF European Championship Val Venis
37%
SummerSlam 1991 Singles Match Million Dollar Championship Virgil
37%
SummerSlam 2001 Steel Cage Match WCW Tag Team Championship & WWF Tag Team Championship Diamond Dallas Page
34%
SummerSlam 2007 Battle Royal Jillian Hall
34%
SummerSlam 1989 6-Man Tag Team Match Teaming with Demolition Jim Duggan
34%
SummerSlam 2018 Mixed Tag Team Match **PRE-SHOW MATCH** Teaming with Rusev Lana
34%
SummerSlam 1996 Singles Match (w/ Sable) Marc Mero
34%
SummerSlam 2007 Battle Royal Michelle McCool
34%
SummerSlam 1989 Singles Match Mr. Perfect
34%
SummerSlam 1993 Singles Match Razor Ramon
34%
SummerSlam 1998 Tag Team Match **Sunday Night Heat Match** Scott Taylor
34%
SummerSlam 2020 No DQ Loser Leaves WWE Match Sonya Deville
34%
SummerSlam 2000 Singles Match Tazz
34%
SummerSlam 2005 Singles Match (w/ Rosey & Super Stacy) The Hurricane
34%
SummerSlam 2001 6-Woman Tag Team Match **Sunday Night Heat Match** Teaming with Ivory Torrie Wilson
34%
SummerSlam 2016 Singles Match WWE Intercontinental Championship Apollo Crews
32%
SummerSlam 2017 6-Man Tag Team Match **PRE-SHOW MATCH** Teaming with The Miz (w/ Maryse) Bo Dallas
32%
SummerSlam 2006 Singles Match **DARK MATCH** Carlito
32%
SummerSlam 2016 12-Man Tag Team Match **PRE-SHOW MATCH** (w/ Zack Ryder) Chad Gable
32%
SummerSlam 2018 Tag Team Match **PRE-SHOW MATCH** WWE Raw Tag Team Championship Dash Wilder
32%
SummerSlam 2015 Fatal-4-Way Tag Team Match WWE Tag Team Championship (w/ El Torito) Diego
32%
SummerSlam 2000 TLC Match WWF Tag Team Championship D-Von Dudley
32%
SummerSlam 2015 Fatal-4-Way Tag Team Match WWE Tag Team Championship (w/ El Torito) Fernando
32%
SummerSlam 1999 Singles Match WWF Women's Championship Ivory
32%
SummerSlam 1988 Singles Match Jake Roberts
32%
SummerSlam 2016 12-Man Tag Team Match **PRE-SHOW MATCH** (w/ Zack Ryder) Jason Jordan
32%
SummerSlam 2007 Battle Royal Kelly Kelly
32%
SummerSlam 1988 Singles Match Koko B. Ware
32%
SummerSlam 1993 Singles Match WWF Championship Lex Luger
32%
SummerSlam 2005 Singles Match WWE United States Championship Orlando Jordan
32%
SummerSlam 1999 Tag Team Turmoil Match Prince Albert
32%
SummerSlam 1988 Singles Match (w/ Bobby Heenan) Rick Rude
32%
SummerSlam 2017 Fatal-4-Way Match WWE Universal Championship Samoa Joe
32%
SummerSlam 2018 Tag Team Match **PRE-SHOW MATCH** WWE Raw Tag Team Championship Scott Dawson
32%
SummerSlam 2015 Fatal-4-Way Tag Team Match Sin Cara
32%
SummerSlam 1996 Singles Match Sycho Sid
32%
SummerSlam 2001 Singles Match WCW Cruiserweight Championship &WWF Light Heavyweight Championship Tajiri
32%
SummerSlam 2000 Stinkface Match The Kat
32%
SummerSlam 1996 Singles Match WWF Championship (w/ Jim Cornette) Vader
32%
SummerSlam 1989 Tag Team Match Teaming with "Macho Man" Randy Savage (w/ Sensational Sherri) Zeus
32%
SummerSlam 1989 6-Man Tag Team Match Teaming with Andre The Giant & The Big Boss Man (w/ Bobby "The Brain" Heenan & Slick) Akeem
29%
SummerSlam 2020 Tag Team Match WWE Raw Tag Team Championship - Teaming with Andrade (w/ Zelina Vega) Angel Garza
29%
SummerSlam 2016 Tag Team Match Big Cass
29%
SummerSlam 2000 TLC Match WWF Tag Team Championship Bubba Ray Dudley
29%
SummerSlam 2019 Singles Match **PRE-SHOW MATCH** Buddy Murphy
29%
SummerSlam 1991 Tag Team Match (w/ Andre The Giant) Butch
29%
SummerSlam 1988 Singles Match Hercules
29%
SummerSlam 1991 Singles Match Irwin R. Schyster
29%
SummerSlam 2010 Handicap Match Teaming with CM PUNK (w/ Serena) Joesph Mercury
29%
SummerSlam 2007 Battle Royal Layla
29%
SummerSlam 1990 Tag Team Match Teaming with Hercules (w/ Slick) Paul Roma
29%
SummerSlam 1989 6-Man Tag Team Match Teaming with The Fabulous Rougeaus Rick Martel
29%
SummerSlam 2006 Extreme Rules Match ECW World Championship Sabu
29%
SummerSlam 1993 6-Man Tag Team Match (w/ Afa & Luna Vachon) Samu
29%
SummerSlam 2001 6-Woman Tag Team Match **Sunday Night Heat Match** Teaming with Ivory Stacy Keibler
29%
SummerSlam 1992 Singles Match Tatanka
29%
SummerSlam 1988 Tag Team Match (w/ The Baron) The Barbarian
29%
SummerSlam 1992 Singles Match (w/ Mr. Fuji) The Berzerker
29%
SummerSlam 1988 Tag Team Match (w/ The Baron) The Warlord
29%
SummerSlam 2020 Tag Team Match WWE Raw Tag Team Championship Angelo Dawkins
27%
SummerSlam 2004 6-Man Tag Team Match Teaming with Rey Mysterio Billy Kidman
27%
SummerSlam 1998 Tag Team Match **Sunday Night Heat Match** Brian Christopher
27%
SummerSlam 2015 Three Tag Team Elimination Match Teaming with Paige Charlotte
27%
SummerSlam 1988 Singles Match Dino Bravo
27%
SummerSlam 1998 Singles Match WWF European Championship D'Lo Brown
27%
SummerSlam 1999 Tag Team Turmoil Match Droz
27%
SummerSlam 2004 Singles Match Eugene
27%
SummerSlam 1998 Singles Match **Sunday Night Heat Match** Gangrel
27%
SummerSlam 1993 Rest in Peace Match (w/ Harvey Wippleman) Giant Gonzalez
27%
SummerSlam 1988 Tag Team Match Jacques Rougeau
27%
SummerSlam 1992 Singles Match (w/ Kim Chee & Harvey Wippleman) Kamala
27%
SummerSlam 1997 Singles Match WWF European Championship Ken Shamrock
27%
SummerSlam 1991 Tag Team Match (w/ Andre The Giant) Luke
27%
SummerSlam 2020 Tag Team Match WWE Raw Tag Team Championship Montez Ford
27%
SummerSlam 1996 Fatal-4-Way Tag Team Match WWF Tag Team Championship (w/ Hillybilly Jim) Phineas I. Godwinn
27%
SummerSlam 2017 Singles Match **PRE-SHOW MATCH** WWE Cruiserweight Championship (w/ Titus O'Neill) Akira Tozawa
24%
SummerSlam 2009 15-Diva Battle Royal **DARK MATCH** Alicia Fox
24%
SummerSlam 1994 Singles Match WWF Women's Championship Alundra Blayze
24%
SummerSlam 2019 Tag Team Match **PRE-SHOW MATCH** WWE Women's Tag Team Championship Billie Kay
24%
SummerSlam 1989 Tag Team Match Teaming with Hulk Hogan (w/ Miss Elizabeth) Brutus "The Barber" Beefcake
24%
SummerSlam 1991 2-on-3 Handicap Match Col. Mustafa
24%
SummerSlam 1993 Singles Match (Jerry "The King" Lawler) Doink The Clown
24%
SummerSlam 1988 Tag Team Match Dynamite Kid
24%
SummerSlam 2007 Singles Match Finlay
24%
SummerSlam 1996 Fatal-4-Way Tag Team Match WWF Tag Team Championship (w/ Hillybilly Jim) Henry O. Godwinn
24%
SummerSlam 2015 Fatal-4-Way Tag Team Match Kalisto
24%
SummerSlam 1996 Fatal-4-Way Tag Team Match WWF Tag Team Championship - Teaming with Marty Jannetty Leif Cassidy
24%
SummerSlam 1989 6-Man Tag Team Match Marty Jannetty
24%
SummerSlam 2007 Triple Threat Match WWE Intercontinental Championship Mr. Kennedy
24%
SummerSlam 2003 Tag Team Match World Tag Team Championship (w/ Rob Conway) Rene Dupree
24%
SummerSlam 2019 Singles Match WWE United States Championship Ricochet
24%
SummerSlam 1995 Singles Match (w/ Sunny) Skip
24%
SummerSlam 2000 6-Man Tag Team Match Teaming with The Goodfather Steven Richards
24%
SummerSlam 1991 6-Man Tag Team Match Teaming with The Texas Tornado & The British Bulldog The Dragon
24%
SummerSlam 1989 Tag Team Match (w/ Bobby "The Brain" Heenan) Tully Blanchard
24%
SummerSlam 2007 Battle Royal Victoria
24%
SummerSlam 2016 12-Man Tag Team Match **PRE-SHOW MATCH** Aiden English
22%
SummerSlam 1995 Tag Team Match (w/ Uncle Zebekiah) Eli Blu
22%
SummerSlam 2009 15-Diva Battle Royal **DARK MATCH** Gail Kim
22%
SummerSlam 1994 Singles Match Jeff Jarrett
22%
SummerSlam 1990 Tag Team Match (w/ Mr. Fuji) Sato
22%
SummerSlam 2000 Stinkface Match Terri
22%
SummerSlam 1990 Singles Match WWF Intercontinental Championship The Texas Tornado
22%
SummerSlam 2012 Tag Team Match WWE Tag Team Championship - Teaming with Darren Young Titus O'Neill
22%
SummerSlam 2016 12-Man Tag Team Match **PRE-SHOW MATCH** Viktor
22%
SummerSlam 1997 Singles Match Brian Pillman
20%
SummerSlam 2001 Steel Cage Match WCW Tag Team Championship & WWF Tag Team Championship Chris Kanyon
20%
SummerSlam 2016 12-Man Tag Team Match **PRE-SHOW MATCH** Fandango
20%
SummerSlam 2009 Singles Match Jack Swagger
20%
SummerSlam 1995 Tag Team Match (w/ Uncle Zebekiah) Jacob Blu
20%
SummerSlam 2013 Mixed Tag Team Match Teaming with Dolph Ziggler Kaitlyn
20%
SummerSlam 2016 12-Man Tag Team Match **PRE-SHOW MATCH** Konnor
20%
SummerSlam 1998 Handicap Match Teaming with Golga (w/ Luna Vachon, Shaggy 2 Dope & Violent J) Kurrgan
20%
SummerSlam 2001 Singles Match WWF Intercontinental Championship Lance Storm
20%
SummerSlam 2016 12-Man Tag Team Match **PRE-SHOW MATCH** (w/ Zack Ryder) Mojo Rawley
20%
SummerSlam 1992 Singles Match Nailz
20%
SummerSlam 2019 Tag Team Match **PRE-SHOW MATCH** WWE Women's Tag Team Championship Peyton Royce
20%
SummerSlam 1998 Handicap Match (w/ Yamaguchi-san) Taka Michinoku
20%
SummerSlam 1990 Tag Team Match (w/ Mr. Fuji) Tanaka
20%
SummerSlam 1988 Singles Match Bad News Brown
17%
SummerSlam 1993 6-Man Tag Team Match (w/ Afa & Luna Vachon) Bam Bam Bigelow
17%
SummerSlam 1995 Singles Match WWF Women's Championship (w/ Harvey Wippleman) Bertha Faye
17%
SummerSlam 2000 6-Man Tag Team Match Teaming with The Goodfather Bull Buchanan
17%
SummerSlam 1994 Singles Match WWF Women's Championship (w/ Luna Vachon) Bull Nakano
17%
SummerSlam 1988 Singles Match Don Muraco
17%
SummerSlam 2018 Singles Match **PRE-SHOW MATCH** WWE Cruiserweight Championship Drew Gulak
17%
SummerSlam 1989 Singles Match Greg "The Hammer" Valentine
17%
SummerSlam 1994 Singles Match **DARK MATCH** Kwang
17%
SummerSlam 1988 Tag Team Match Raymond Rougeau
17%
SummerSlam 1998 Handicap Match (w/ Yamaguchi-san) Sho Funaki
17%
SummerSlam 2003 Tag Team Match World Tag Team Championship (w/ Rob Conway) Sylvain Grenier
17%
SummerSlam 1999 Singles Match WWF Women's Championship Tori
17%
SummerSlam 2016 12-Man Tag Team Match **PRE-SHOW MATCH** Tyler Breeze
17%
SummerSlam 1992 Tag Team Match WWF Tag Team Championship (w/ The Genius) Beau
15%
SummerSlam 1992 Tag Team Match WWF Tag Team Championship (w/ The Genius) Blake
15%
SummerSlam 2007 Tag Team Match **DARK MATCH** Teaming with Paul London Brian Kendrick
15%
SummerSlam 2010 Singles Match **DARK MATCH** Evan Bourne
15%
SummerSlam 1988 Singles Match Junkyard Dog
15%
SummerSlam 2015 Tag Team Match Stephen Amell
15%
SummerSlam 1993 Tag Team Match WWF Tag Team Championship (w/ Jim Cornette) Tom Prichard
15%
SummerSlam 1993 Singles Match **DARK MATCH** Barry Horowitz
12%
SummerSlam 1988 Tag Team Match (w/ Slick) Boris Zhukov
12%
SummerSlam 1991 Tag Team Match WWF Tag Team Championship (w/ Jimmy Hart) Brian Knobbs
12%
SummerSlam 2007 Battle Royal Brooke
12%
SummerSlam 2005 Singles Match Chris Masters
12%
SummerSlam 2013 Singles Match Damien Sandow
12%
SummerSlam 1989 Singles Match Dusty Rhodes
12%
SummerSlam 2019 Singles Match WWE SmackDown Women's Championship Ember Moon
12%
SummerSlam 2003 Falls Count Anywhere Match Eric Bischoff
12%
SummerSlam 1991 2-on-3 Handicap Match Gen. Adnan
12%
SummerSlam 1995 Singles Match Hakushi
12%
SummerSlam 1991 Tag Team Match WWF Tag Team Championship (w/ Jimmy Hart) Jerry Sags
12%
SummerSlam 1991 Singles Match **DARK MATCH** Kato
12%
SummerSlam 1988 Singles Match Ken Patera
12%
SummerSlam 2007 Tag Team Match **DARK MATCH** Lance Cade
12%
SummerSlam 2007 Battle Royal Maria
12%
SummerSlam 1998 Handicap Match (w/ Yamaguchi-san) Men's Teioh
12%
SummerSlam 1988 Tag Team Match (w/ Slick) Nikolai Volkoff
12%
SummerSlam 2016 12-Man Tag Team Match **PRE-SHOW MATCH** Simon Gotch
12%
SummerSlam 2011 Singles Match **DARK MATCH** Alex Riley
10%
SummerSlam 2008 Singles Match **DARK MATCH** (w/ Chavo Guerrero) Bam Neely
10%
SummerSlam 1989 Singles Match Jimmy "Superfly" Snuka
10%
SummerSlam 1993 Singles Match Ludvig Borga
10%
SummerSlam 1990 Singles Match Sapphire
10%
SummerSlam 1989 Singles Match The Red Rooster
10%
SummerSlam 1989 6-Man Tag Team Match Tito Santana
10%
SummerSlam 2007 Tag Team Match **DARK MATCH** Trevor Murdoch
10%
SummerSlam 1994 Singles Match **DARK MATCH** Adam Bomb
7%
SummerSlam 1998 Handicap Match Teaming with Golga (w/ Luna Vachon, Shaggy 2 Dope & Violent J) Giant Silva
7%
SummerSlam 2009 Tag Team Match Unified WWE Tag Team Championship JTG
7%
SummerSlam 2019 Singles Match **PRE-SHOW MATCH** WWE Cruiserweight Championship Oney Lorcan
7%
SummerSlam 2009 Tag Team Match Unified WWE Tag Team Championship Shad Gaspard
7%
SummerSlam 1990 Singles Match **DARK MATCH** Shane Douglas
7%
SummerSlam 2003 Singles Match **Sunday Night Heat Match** WWE Cruiserweight Championship Shannon Moore
7%
SummerSlam 1997 8-Man Tag Team Match Teaming with Savio Vega José Estrada Jr.
5%
SummerSlam 1997 8-Man Tag Team Match Teaming with Savio Vega Miguel Pérez Jr.
5%
SummerSlam 1990 Singles Match **DARK MATCH** "Playboy" Buddy Rose
5%
SummerSlam 1997 8-Man Tag Team Match Teaming with Savio Vega Jesús Castillo
2%
SummerSlam 2009 15-Diva Battle Royal **DARK MATCH** Rosa Mendes
2%
SummerSlam 2009 15-Diva Battle Royal **DARK MATCH** Katie Lea Burchill
0%
SummerSlam 2007 Battle Royal Kristal Marshall
0%
No matching quizzes found
Score Distribution
Percent of People with Each Score
Percentile by Number Answered
Your Score History
You have not taken this quiz